El Sistema general de gestió de la documentació administrativa de la Generalitat de Catalunya : normes i procediments / coordinació i redacció: Lluís Cermeno, Anna Lorente, Francesc Olivé normes i procediments / coordinació i redacció:

por Cermeno, Lluís

Descripción Física: 124 p. ; 30 cm

MARC

LEADER 00000nam a2200000Ia 4500
001 12531
008 160829s1999 xx 000 0 cat d
080 |a A-1-102 
100 |a Cermeno, Lluís  |9 35932 
245 |a El Sistema general de gestió de la documentació administrativa de la Generalitat de Catalunya :  |b  normes i procediments / coordinació i redacció:  |b  Lluís Cermeno, Anna Lorente, Francesc Olivé 
260 |a Barcelona :  |b Generalitat de Catalunya, Direcció General del Patrimoni Cultural, Servei d'Arxius,  |c 1999 
300 |a 124 p. ;  |c 30 cm 
490 |a Normativa arxivística ; 5 
650 |a Gestió dels documents  |x Catalunya  |x Normes   |9 35933 
650 |a Arxius  |x Catalunya  |x Administració  |x Normes   |9 35934 
650 |a Catalunya. Generalitat  |x Documents i correspondència  |x Normes  |9 35935 
700 1 |a Lorente, Anna  |9 35936 
700 |a Olivé, Francesc, coord.   |9 35937 
710 1 |a Catalunya.  |b Servei d'Arxius  |9 2924 
901 |a Arxiu 
942 |n 1 
952 |0 0  |1 0  |4 0  |6 A1102  |7 1  |9 47126  |a Arxiu  |b Arxiu  |d 2016-12-01  |l 0  |o A-1-102  |p 12531  |r 2016-12-01 00:00:00  |w 2016-12-01  |y ARXIU 
999 |c 50921  |d 50921